[Event "Toronto op U2200"]
[Site "Toronto CAN"]
[Date "2014.04.19"]
[Round "4"]
[White "Stefanovic, Miroslav"]
[Black "Hancock, Michael"]
[Result "1-0"]
[WhiteElo "2044"]
[BlackElo "1699"]
[PlyCount "47"]
[EventDate "2014.04.18"]
[EventType "swiss"]
[EventRounds "6"]
[EventCountry "CAN"]

1. c4 g6 2. d4 Nf6 3. Bg5 Bg7 4. Nc3 h6 5. Bh4 c5 6. e3 O-O 7. Nf3 cxd4 8. Nxd4
Nc6 9. Be2 d6 10. O-O Bd7 11. Qd2 a6 12. Rab1 Qc7 13. Bxf6 Bxf6 14. Nd5 Qd8 15.
Nxf6+ exf6 16. Nxc6 Bxc6 17. Rbd1 Qb6 18. Qc3 Qd8 19. c5 d5 20. Bf3 Qe7 21.
Bxd5 Bb5 22. Rfe1 Rac8 23. b4 b6 24. Qc2 1-0

[Event "Toronto op U2200"]
[Site "Toronto CAN"]
[Date "2014.04.19"]
[Round "4"]
[White "Zhao, Yue Tong (Davy)"]
[Black "Docheshmeh, Amir Mohammad"]
[Result "1-0"]
[WhiteElo "2033"]
[BlackElo "1636"]
[PlyCount "153"]
[EventDate "2014.04.18"]
[EventType "swiss"]
[EventRounds "6"]
[EventCountry "CAN"]

1. e4 e5 2. f4 exf4 3. Nf3 d5 4. exd5 Bd6 5. d4 Nf6 6. c4 b6 7. Nc3 Bd7 8. Bd3
O-O 9. O-O Ng4 10. Ne5 Ne3 11. Bxe3 fxe3 12. Qh5 g6 13. Qh6 Qe7 14. Ne4 f6 15.
Nxd7 Nxd7 16. Nxd6 cxd6 17. Rae1 Rae8 18. Rf3 Qg7 19. Qxg7+ Kxg7 20. Rfxe3 Kf7
21. Re6 Nb8 22. Kf2 Rxe6 23. Rxe6 Rd8 24. Re1 Na6 25. a3 Nc7 26. b4 f5 27. Kf3
Kf6 28. b5 h6 29. g4 fxg4+ 30. Kxg4 Rd7 31. h4 Kg7 32. h5 g5 33. Bg6 Kg8 34.
Kf5 Kf8 35. Kf6 Rg7 36. a4 Rd7 37. a5 bxa5 38. Ra1 Na8 39. Ke6 Rc7 40. c5 dxc5
41. Kd6 cxd4 42. Rxa5 Rb7 43. Ra4 Kg7 44. Bd3 Rb6+ 45. Kc5 Rb7 46. Rxd4 Nb6 47.
d6 Kf6 48. Be4 Rf7 49. Bc6 Ke6 50. Ra4 Kf6 51. Be8 Rg7 52. Kc6 g4 53. d7 Nxd7
54. Bxd7 g3 55. Ra1 Kf7 56. Re1 Kf6 57. Kd6 Kg5 58. Be8 Kg4 59. Rg1 Kf3 60.
Bc6+ Kf2 61. Ra1 g2 62. Ra2+ Kf1 63. Rxg2 Rxg2 64. Bxg2+ Kxg2 65. Kc7 Kg3 66.
Kb7 Kg4 67. Kxa7 Kxh5 68. b6 Kg4 69. b7 h5 70. b8=Q h4 71. Qh2 h3 72. Kb6 Kh4
73. Kc5 Kg4 74. Kd4 Kh4 75. Ke4 Kg4 76. Qg1+ Kh4 77. Kf4 1-0

[Event "Toronto op U2200"]
[Site "Toronto CAN"]
[Date "2014.04.20"]
[Round "5"]
[White "Agbabishvili, Lali"]
[Black "Oganesyan, Hayk"]
[Result "0-1"]
[WhiteElo "2046"]
[BlackElo "1946"]
[PlyCount "54"]
[EventDate "2014.04.18"]
[EventType "swiss"]
[EventRounds "6"]
[EventCountry "CAN"]

1. c4 Nf6 2. d4 c5 3. d5 e6 4. Nc3 exd5 5. cxd5 d6 6. e4 g6 7. h3 a6 8. a4 Bg7
9. Nf3 O-O 10. Bd3 c4 11. Bxc4 Nxe4 12. Nxe4 Re8 13. O-O Rxe4 14. Bg5 Bf6 15.
Bd3 Re8 16. Bxf6 Qxf6 17. b4 Nd7 18. a5 Ne5 19. Nxe5 Rxe5 20. Re1 Rxd5 21. Re8+
Kg7 22. Ra3 Bg4 23. Qb3 Rxe8 24. Qxd5 Re1+ 25. Kh2 Qf4+ 26. g3 Qxf2+ 27. Qg2
Bf3 0-1

[Event "Toronto op U2200"]
[Site "Toronto CAN"]
[Date "2014.04.20"]
[Round "5"]
[White "Bergenstam, Olof"]
[Black "Ye, Hanyuan"]
[Result "1/2-1/2"]
[WhiteElo "1932"]
[BlackElo "1782"]
[PlyCount "88"]
[EventDate "2014.04.18"]
[EventType "swiss"]
[EventRounds "6"]
[EventCountry "CAN"]

1. d4 e6 2. c4 Nf6 3. Nc3 Bb4 4. e3 b6 5. a3 Bxc3+ 6. bxc3 Bb7 7. f3 c5 8. Bd3
Nc6 9. Ne2 O-O 10. e4 d6 11. Bg5 h6 12. Bh4 e5 13. d5 Na5 14. O-O Ba6 15. f4 g5
16. fxg5 Nh7 17. g6 Qxh4 18. gxh7+ Kxh7 19. Ng3 Bc8 20. Nf5 Bxf5 21. Rxf5 Qe7
22. Qf3 f6 23. Rf1 Kg7 24. Qg4+ Kh7 25. Qh4 Nb7 26. Be2 Qg7 27. Rxf6 Rxf6 28.
Rxf6 Rf8 29. Re6 Rf4 30. Qh5 Rf6 31. Rxf6 Qxf6 32. Bg4 Kg7 33. Qe8 Qf4 34. Qd7+
Kf6 35. Qe6+ Kg7 36. Qe7+ Qf7 37. Qxf7+ Kxf7 38. Kf2 Kf6 39. Kg3 Kg5 40. h4+
Kf6 41. Bd7 Na5 42. Bb5 Nb3 43. Kf2 Nd2 44. Ke3 Nb3 1/2-1/2

[Event "Toronto op U2200"]
[Site "Toronto CAN"]
[Date "2014.04.20"]
[Round "5"]
[White "Lei, Sean"]
[Black "Zhao, Yue Tong (Davy)"]
[Result "1-0"]
[WhiteElo "1961"]
[BlackElo "2033"]
[PlyCount "63"]
[EventDate "2014.04.18"]
[EventType "swiss"]
[EventRounds "6"]
[EventCountry "CAN"]

1. d4 Nf6 2. Nf3 g6 3. e3 Bg7 4. c4 d5 5. Nc3 O-O 6. Bd2 c5 7. Qb3 cxd4 8. Nxd4
e5 9. Nf3 d4 10. Nd5 Nc6 11. Be2 Re8 12. Nxf6+ Bxf6 13. e4 Qc7 14. O-O Bg7 15.
Rac1 h6 16. Ne1 f5 17. f3 f4 18. c5+ Be6 19. Bc4 Qf7 20. Nd3 a5 21. Qa4 g5 22.
b3 h5 23. Bb5 Qc7 24. Nb2 g4 25. Nc4 g3 26. Nb6 Qe7 27. Bc4 Ra6 28. Bxa6 Qh4
29. h3 Bxh3 30. gxh3 Qxh3 31. Qc4+ Re6 32. Qxe6+ 1-0

[Event "Toronto op U2200"]
[Site "Toronto CAN"]
[Date "2014.04.20"]
[Round "5"]
[White "Michelashvili, Alexandre"]
[Black "Issani, Nameer"]
[Result "1/2-1/2"]
[WhiteElo "2000"]
[BlackElo "1803"]
[PlyCount "44"]
[EventDate "2014.04.18"]
[EventType "swiss"]
[EventRounds "6"]
[EventCountry "CAN"]

1. e4 e5 2. Nf3 Nc6 3. Bb5 a6 4. Ba4 Nf6 5. d3 d6 6. h3 Be7 7. c3 b5 8. Bc2 O-O
9. O-O Bb7 10. Re1 Re8 11. Nbd2 Bf8 12. Nf1 g6 13. Bg5 Bg7 14. Qd2 Nb8 15. d4
Nbd7 16. Ng3 c5 17. Rad1 Qc7 18. dxc5 dxc5 19. Qd6 Qxd6 20. Rxd6 h6 21. Be3 Bf8
22. Rd2 c4 1/2-1/2

[Event "Toronto op U2200"]
[Site "Toronto CAN"]
[Date "2014.04.20"]
[Round "5"]
[White "Noritsyn, Sergey"]
[Black "Wiebe, Daniel"]
[Result "1/2-1/2"]
[WhiteElo "2073"]
[BlackElo "2094"]
[PlyCount "78"]
[EventDate "2014.04.18"]
[EventType "swiss"]
[EventRounds "6"]
[EventCountry "CAN"]

1. e4 c5 2. Nf3 d6 3. c3 Nf6 4. h3 Nbd7 5. Bd3 b6 6. Bc2 Bb7 7. Qe2 Qc7 8. d4
cxd4 9. cxd4 Ba6 10. Qxa6 Qxc2 11. Nbd2 e5 12. O-O Be7 13. b3 Qc8 14. Qa4 Qb7
15. dxe5 dxe5 16. Nxe5 b5 17. Qd4 O-O 18. Nxd7 Nxd7 19. Nf3 Rad8 20. Qe3 Nc5
21. Bb2 Nxe4 22. Rfe1 Bf6 23. Qxe4 Qxe4 24. Rxe4 Bxb2 25. Rb1 Bf6 26. a4 Rb8
27. Rd1 a5 28. Rd5 bxa4 29. bxa4 Rb1+ 30. Re1 Rxe1+ 31. Nxe1 g6 32. Nc2 Rc8 33.
Ne3 Bc3 34. Kf1 Bb4 35. Ke2 Rc3 36. Rd3 Rc1 37. Rd1 Rc3 38. Ra1 Kg7 39. Ra2 f5
1/2-1/2

[Event "Toronto op U2200"]
[Site "Toronto CAN"]
[Date "2014.04.20"]
[Round "5"]
[White "Siddeley, Hugh"]
[Black "Zotkin, Daniel"]
[Result "1/2-1/2"]
[WhiteElo "2063"]
[BlackElo "1973"]
[PlyCount "90"]
[EventDate "2014.04.18"]
[EventType "swiss"]
[EventRounds "6"]
[EventCountry "CAN"]

1. e4 c5 2. Nf3 Nc6 3. d4 cxd4 4. Nxd4 e5 5. Nb5 d6 6. N1c3 a6 7. Na3 b5 8. Nd5
Nce7 9. Bg5 h6 10. Bxb5+ axb5 11. Nxb5 Ra6 12. Nbc7+ Kd7 13. Qg4+ Kc6 14. Qe2
Rb6 15. Qc4+ Kb7 16. Nxb6 Qxc7 17. Qxc7+ Kxc7 18. Bxe7 Bxe7 19. Nxc8 Kxc8 20.
Ke2 Nf6 21. f3 Kd7 22. Rhd1 Rc8 23. c3 Bd8 24. a4 Kc6 25. b4 d5 26. Kd3 Bb6 27.
Kc2 dxe4 28. Kb3 exf3 29. a5 fxg2 30. axb6 Nd5 31. b7 Rb8 32. Ra5 Nf4 33. Rc5+
Kb6 34. Rxe5 Nh3 35. Rd6+ Ka7 36. Ra5+ Kxb7 37. Ra1 g1=Q 38. Rd7+ Kc6 39. Rxg1
Nxg1 40. Rxf7 Rb7 41. Rf1 Nh3 42. c4 Ng5 43. b5+ Kb6 44. Re1 Rc7 45. Kb4 Rc8
1/2-1/2

[Event "Toronto op U2200"]
[Site "Toronto CAN"]
[Date "2014.04.20"]
[Round "5"]
[White "Stefanovic, Miroslav"]
[Black "Oliviera, Rodrigo"]
[Result "0-1"]
[WhiteElo "2044"]
[BlackElo "2077"]
[PlyCount "78"]
[EventDate "2014.04.18"]
[EventType "swiss"]
[EventRounds "6"]
[EventCountry "CAN"]

1. d4 Nf6 2. c4 g6 3. Nc3 d5 4. cxd5 Nxd5 5. e4 Nb6 6. Bb5+ Bd7 7. Be2 Bg7 8.
Be3 Nc6 9. h3 e5 10. Nf3 exd4 11. Nxd4 O-O 12. Rc1 Re8 13. O-O Nxd4 14. Bxd4
Bc6 15. Bxg7 Qxd1 16. Rfxd1 Kxg7 17. Bb5 Re6 18. f3 a6 19. Bxc6 Rxc6 20. Nd5
Rxc1 21. Rxc1 Nxd5 22. exd5 Rc8 23. Kf2 Kf6 24. f4 Ke7 25. Kf3 Kd6 26. Re1 Rd8
27. f5 Rd7 28. Kf4 Kxd5 29. g4 c5 30. h4 b5 31. h5 gxh5 32. gxh5 h6 33. Re8 c4
34. Ke3 Rc7 35. Kd2 Kd4 36. a3 Rc5 37. Rh8 Rc6 38. Re8 Rf6 39. Ra8 Ke4 0-1

[Event "Toronto op U2200"]
[Site "Toronto CAN"]
[Date "2014.04.20"]
[Round "5"]
[White "Yu, Jonathan"]
[Black "Kim, Yongjoo"]
[Result "1/2-1/2"]
[WhiteElo "2092"]
[BlackElo "2015"]
[PlyCount "96"]
[EventDate "2014.04.18"]
[EventType "swiss"]
[EventRounds "6"]
[EventCountry "CAN"]

1. e4 c6 2. d4 d5 3. Nc3 dxe4 4. Nxe4 Bf5 5. Ng3 Bg6 6. h4 h6 7. f4 e6 8. Nf3
Nd7 9. h5 Bh7 10. Bd3 Bxd3 11. Qxd3 Qc7 12. Bd2 Bd6 13. Ne5 Ngf6 14. O-O-O c5
15. Nxd7 Nxd7 16. d5 c4 17. Qe2 O-O-O 18. dxe6 fxe6 19. Ne4 Bxf4 20. Bxf4 Qxf4+
21. Kb1 Nb6 22. Nc5 Rxd1+ 23. Rxd1 e5 24. a4 c3 25. Qd3 Qg4 26. b3 a5 27. Qd6
Re8 28. Ka2 Qxg2 29. Qd3 Nd5 30. Ka3 Nb6 31. Qxc3 Qc6 32. Qxa5 e4 33. Qb5 Re5
34. Qxc6+ bxc6 35. b4 Kc7 36. Kb3 e3 37. Re1 Nd5 38. c4 Nf4 39. Kc3 Ng2 40. Re2
Nf4 41. Re1 e2 42. Kd2 Rxh5 43. Nd3 Nxd3 44. Kxd3 Re5 45. Rxe2 Rxe2 46. Kxe2 g5
47. b5 cxb5 48. cxb5 Kb6 1/2-1/2

[Event "Toronto op U2200"]
[Site "Toronto CAN"]
[Date "2014.04.20"]
[Round "6"]
[White "Chernik, Dmitry"]
[Black "Siddeley, Hugh"]
[Result "1-0"]
[WhiteElo "1954"]
[BlackElo "2053"]
[PlyCount "89"]
[EventDate "2014.04.18"]
[EventType "swiss"]
[EventRounds "6"]
[EventCountry "CAN"]

1. e4 d6 2. d4 Nf6 3. Nc3 g6 4. h3 Bg7 5. Nf3 O-O 6. Bc4 Nxe4 7. Bxf7+ Rxf7 8.
Nxe4 Rf8 9. Be3 Nd7 10. Qd2 Nf6 11. Nxf6+ exf6 12. O-O-O c6 13. Rhe1 Be6 14.
Kb1 Bd5 15. Bh6 Bxh6 16. Qxh6 Qa5 17. b3 Rae8 18. Rxe8 Rxe8 19. Qf4 Re6 20. Kb2
b5 21. a3 Kg7 22. h4 Qd8 23. Re1 Qe7 24. Rxe6 Qxe6 25. g3 h5 26. Nd2 Qe7 27.
Nf1 Qe4 28. Qxe4 Bxe4 29. Nd2 Bf5 30. c4 Kf7 31. Kc3 bxc4 32. Nxc4 Ke7 33. b4
Kd7 34. a4 Kc7 35. f3 g5 36. d5 gxh4 37. gxh4 Bd7 38. Ne3 Kb6 39. f4 c5 40.
Nc4+ Kc7 41. b5 Bf5 42. a5 Bc8 43. a6 Bd7 44. b6+ axb6 45. a7 1-0

[Event "Toronto op U2200"]
[Site "Toronto CAN"]
[Date "2014.04.20"]
[Round "6"]
[White "Kaneshalingam, Mathanhe"]
[Black "Wing, Richard"]
[Result "0-1"]
[WhiteElo "1557"]
[BlackElo "1629"]
[PlyCount "61"]
[EventDate "2014.04.18"]
[EventType "swiss"]
[EventRounds "6"]
[EventCountry "CAN"]

1. d4 Nf6 2. Nf3 e6 3. e3 g6 4. c4 c5 5. Nc3 cxd4 6. exd4 Bg7 7. Be3 d6 8. Qc2
O-O 9. O-O-O a6 10. Be2 Qe7 11. Na4 Nbd7 12. h4 b5 13. cxb5 axb5 14. Bxb5 Bb7
15. Nc3 Rfc8 16. Kb1 Ne4 17. Bd3 Nxc3+ 18. bxc3 Bd5 19. c4 Nb6 20. Nd2 Bxc4 21.
Bxc4 d5 22. h5 Nxc4 23. Nxc4 Rxc4 24. Qe2 Qb7+ 25. Ka1 Qa7 26. Rhe1 Rxd4 27.
Rxd4 Bxd4+ 28. Kb1 Qb6+ 29. Kc2 Rxa2+ 30. Kd3 Rxe2 31. Kxe2 0-1

[Event "Toronto op U2200"]
[Site "Toronto CAN"]
[Date "2014.04.20"]
[Round "6"]
[White "Noorali, Aahil"]
[Black "Bergenstam, Olof"]
[Result "0-1"]
[WhiteElo "1666"]
[BlackElo "1932"]
[PlyCount "134"]
[EventDate "2014.04.18"]
[EventType "swiss"]
[EventRounds "6"]
[EventCountry "CAN"]

1. e4 d6 2. d4 Nf6 3. Nc3 g6 4. Nf3 Bg7 5. Bf4 Nc6 6. Be2 O-O 7. O-O a6 8. Qd2
Bg4 9. Be3 e5 10. d5 Ne7 11. h3 Bd7 12. Rad1 Ne8 13. Bh6 f5 14. exf5 gxf5 15.
Qg5 Ng6 16. Qxd8 Rxd8 17. Bxg7 Kxg7 18. Rfe1 h6 19. Bf1 Nf6 20. g3 Rg8 21. Be2
Kh8 22. Kh2 Rg7 23. Bf1 Rdg8 24. Rd2 Ne7 25. Kh1 Be8 26. Nh4 Bf7 27. Bc4 b5 28.
Bf1 Nfxd5 29. Nxf5 Nxf5 30. Nxd5 Bxd5+ 31. Rxd5 Rf8 32. Rd2 Rgf7 33. Ree2 Nd4
34. Bg2 Kg7 35. c3 Nf3 36. Bxf3 Rxf3 37. Re4 R3f6 38. Rg4+ Kf7 39. Kg2 Ke6 40.
Rg7 R8f7 41. Rg8 Rf8 42. Rg7 R6f7 43. Rg6+ Rf6 44. Rg7 R8f7 45. Rg8 a5 46. Ra8
a4 47. Rb8 c6 48. Rc8 Kd7 49. Ra8 d5 50. Ra7+ Kd6 51. Rxf7 Rxf7 52. g4 e4 53.
Rd4 Rf3 54. Rd2 Ke5 55. Rd1 a3 56. b3 Rxc3 57. Rd2 Kf4 58. Re2 d4 59. Rd2 d3
60. Kf1 Rc2 61. Rd1 Rxa2 62. Ke1 Rb2 63. Ra1 a2 64. Kd1 Rb1+ 65. Rxb1 axb1=Q+
66. Kd2 Qc2+ 67. Ke1 Qe2# 0-1

[Event "Toronto op U2200"]
[Site "Toronto CAN"]
[Date "2014.04.20"]
[Round "6"]
[White "Oganesyan, Hayk"]
[Black "Kim, Yongjoo"]
[Result "1/2-1/2"]
[WhiteElo "2015"]
[BlackElo "1946"]
[PlyCount "75"]
[EventDate "2014.04.18"]
[EventType "swiss"]
[EventRounds "6"]
[EventCountry "CAN"]

1. e4 c6 2. d4 d5 3. Nd2 dxe4 4. Nxe4 Bf5 5. Ng3 Bg6 6. Nf3 Nd7 7. h4 h6 8. h5
Bh7 9. Bd3 Bxd3 10. Qxd3 e6 11. Bf4 Qa5+ 12. Bd2 Bb4 13. Qb3 Bxd2+ 14. Nxd2
Ngf6 15. O-O-O O-O 16. Nge4 c5 17. Kb1 Qc7 18. dxc5 Nxe4 19. Nxe4 Nxc5 20. Nxc5
Qxc5 21. Qe3 Qxe3 22. fxe3 Rfd8 23. Kc1 Kf8 24. Rxd8+ Rxd8 25. Rd1 Rxd1+ 26.
Kxd1 g5 27. hxg6 fxg6 28. Ke2 Ke7 29. c4 a5 30. b3 Kd6 31. a3 Kc5 32. Kd3 h5
33. Kc3 g5 34. b4+ axb4+ 35. axb4+ Kc6 36. Kd4 b6 37. Ke4 Kd6 38. g3 1/2-1/2

[Event "Toronto op U2200"]
[Site "Toronto CAN"]
[Date "2014.04.20"]
[Round "6"]
[White "Wiebe, Daniel"]
[Black "Yu, Jonathan"]
[Result "0-1"]
[WhiteElo "2094"]
[BlackElo "2092"]
[PlyCount "44"]
[EventDate "2014.04.18"]
[EventType "swiss"]
[EventRounds "6"]
[EventCountry "CAN"]

1. e4 e6 2. d4 d5 3. Nc3 Nf6 4. e5 Nfd7 5. f4 c5 6. dxc5 Bxc5 7. Nf3 a6 8. Bd3
Nc6 9. Qe2 Nb4 10. a3 Nxd3+ 11. cxd3 b5 12. b4 Bb6 13. Be3 O-O 14. O-O Nxe5 15.
fxe5 d4 16. Ne4 dxe3 17. Nfg5 h6 18. Nf6+ gxf6 19. Ne4 f5 20. Nf6+ Kg7 21. Nh5+
Kh8 22. Nf6 Qd4 0-1

[Event "Toronto op U2200"]
[Site "Toronto CAN"]
[Date "2014.04.20"]
[Round "6"]
[White "Zhao, Yue Tong (Davy)"]
[Black "Noritsyn, Sergey"]
[Result "1-0"]
[WhiteElo "2033"]
[BlackElo "2073"]
[PlyCount "65"]
[EventDate "2014.04.18"]
[EventType "swiss"]
[EventRounds "6"]
[EventCountry "CAN"]

1. e4 b6 2. d4 Bb7 3. Bd3 e6 4. Nf3 c5 5. c3 cxd4 6. cxd4 Bb4+ 7. Bd2 Bxd2+ 8.
Nbxd2 Nf6 9. e5 Nh5 10. Be4 d5 11. exd6 Bxe4 12. Nxe4 O-O 13. O-O f5 14. Neg5
Qxd6 15. Re1 Nf4 16. g3 h6 17. gxf4 hxg5 18. Nxg5 Nd7 19. Nxe6 Rf6 20. Qb3 Kh8
21. Qh3+ Kg8 22. Ng5 Nf8 23. Qb3+ Kh8 24. Re3 Qxf4 25. Rh3+ Rh6 26. Nf7+ Kh7
27. Nxh6 Qg5+ 28. Ng4+ Kg6 29. f4 Qxf4 30. Ne5+ Kg5 31. Qd5 Rc8 32. Rf1 Rc1 33.
Qd8# 1-0

[Event "Toronto-ch Senior"]
[Site "Toronto CAN"]
[Date "2014.10.21"]
[Round "2"]
[White "Starr (Shterenberg), Sasha"]
[Black "Pishdad, Hassan"]
[Result "1-0"]
[WhiteElo "2139"]
[BlackElo "1189"]
[PlyCount "27"]
[EventDate "2014.10.14"]
[EventType "tourn"]
[EventRounds "8"]
[EventCountry "CAN"]

1. e4 c5 2. Nc3 e6 3. Nf3 d5 4. d4 Nc6 5. Bb5 Nge7 6. dxc5 g6 7. Qd4 Rg8 8.
exd5 Nf5 9. Qe4 Nfe7 10. dxc6 Nxc6 11. Bg5 Be7 12. Bxc6+ bxc6 13. Rd1 Qc7 14.
Qh4 1-0

[Event "Toronto-ch Senior"]
[Site "Toronto CAN"]
[Date "2014.10.28"]
[Round "3"]
[White "Pishdad, Hassan"]
[Black "Barron, Michael"]
[Result "0-1"]
[WhiteElo "1189"]
[BlackElo "2297"]
[PlyCount "36"]
[EventDate "2014.10.14"]
[EventType "tourn"]
[EventRounds "8"]
[EventCountry "CAN"]

1. d4 f5 2. c4 Nf6 3. Nc3 d6 4. Bg5 Nbd7 5. Qc2 g6 6. e4 fxe4 7. Nxe4 Bg7 8.
Be3 Nxe4 9. Qxe4 O-O 10. Be2 e5 11. d5 Nf6 12. Qc2 Ng4 13. Nh3 Nxe3 14. fxe3
Qh4+ 15. Kd2 Bh6 16. Raf1 Bxe3+ 17. Kd1 Bf5 18. Qb3 Qd4+ 0-1

[Event "Toronto-ch Senior"]
[Site "Toronto CAN"]
[Date "2014.11.01"]
[Round "4"]
[White "Reothy, Peter"]
[Black "Pishdad, Hassan"]
[Result "1/2-1/2"]
[WhiteElo "1429"]
[BlackElo "1189"]
[PlyCount "78"]
[EventDate "2014.10.14"]
[EventType "tourn"]
[EventRounds "8"]
[EventCountry "CAN"]

{I  may  detect  the  error  in  future} 1. d4 Nf6 2. c4 e6 3. Nc3 d5 4. c5 a6
5. b4 c6 6. Nf3 Nbd7 7. Bg5 Be7 8. Ne5 Nxe5 9. dxe5 Nd7 10. Bf4 Bg5 11. e3 O-O
12. g3 Bxf4 13. exf4 b6 14. Bg2 bxc5 15. bxc5 Nxc5 16. O-O a5 17. Qd4 Na6 18.
a3 Bb7 19. Na4 Rb8 20. Nc5 Qb6 21. Rfc1 Nxc5 22. Qxc5 Qxc5 23. Rxc5 Ra8 24. Rb1
Rfb8 25. Bf3 a4 26. Bd1 Bc8 27. Ra1 Bd7 28. Rc3 f5 29. Rd3 Rc8 30. Rd4 c5 31.
Rd2 c4 32. Rc2 Rab8 33. Rcc1 Rc7 34. Ra2 Rcb7 35. Rac2 Rb2 36. Rc3 Rd2 37. R3c2
Rxc2 38. Bxc2 d4 39. Rd1 d3 {There  is  error  in  recording.  I  can  not 
show  rest  of  the  game  but  for  now  mention  that  Peter  ended  up 
having  pawns  and  I  had  pawns  and  a  Bishop  and  we  agreed  to  daw 
after  moves} () 1/2-1/2

[Event "Toronto-ch Senior"]
[Site "Toronto CAN"]
[Date "2014.11.11"]
[Round "5"]
[White "Pishdad, Hassan"]
[Black "Kornmann, Maxim"]
[Result "1/2-1/2"]
[WhiteElo "1189"]
[BlackElo "1645"]
[PlyCount "125"]
[EventDate "2014.10.14"]
[EventType "tourn"]
[EventRounds "8"]
[EventCountry "CAN"]

1. d4 d5 2. c4 e6 3. cxd5 exd5 4. a3 Bf5 5. Nc3 c6 6. Bf4 Nf6 7. Nf3 h6 8. h3
Be7 9. e3 O-O 10. Bd3 Bxd3 11. Qxd3 Re8 12. O-O Bd6 13. Bxd6 Qxd6 14. b4 Ne4
15. Rac1 Nd7 16. Na4 Rac8 17. Nc5 Rc7 18. Nxd7 Qxd7 19. Nd2 f5 20. Nf3 Qe6 21.
Ne5 g6 22. Qd1 Kg7 23. Kh2 Nf6 24. Qa4 a6 25. Qa5 Qd6 26. f4 Ne4 27. Qa4 Ree7
28. Qd1 Nf6 29. Rc5 Nd7 30. Rc2 Nb6 31. Qc1 Qe6 32. Re1 Nd7 33. Rc3 Nf6 34. Qd1
Ne4 35. Rc2 Qf6 36. Qf3 Re8 37. g4 Kh7 38. Ree2 Rg8 39. Rg2 fxg4 40. hxg4 Qh4+
41. Qh3 Qxh3+ 42. Kxh3 Re7 43. g5 hxg5 44. fxg5 Kg7 45. Kg4 Ree8 46. Rh2 Rh8
47. Rxh8 Kxh8 48. Rh2+ Kg7 49. Rh6 Re6 50. Rh2 Nc3 51. Rf2 Re7 52. Rf6 Ne4 53.
Rxg6+ Kh7 54. Kh5 Ng3+ 55. Kh4 Nf5+ 56. Kh5 Nxe3 57. Rh6+ Kg8 58. Rg6+ Rg7 59.
Rd6 Rh7+ 60. Kg6 Rg7+ 61. Kh5 Rh7+ 62. Kg6 Rg7+ 63. Kh5 1/2-1/2

[Event "Toronto-ch Senior"]
[Site "Toronto CAN"]
[Date "2014.11.25"]
[Round "7"]
[White "Kormendi, Fred"]
[Black "Pishdad, Hassan"]
[Result "1-0"]
[WhiteElo "1534"]
[BlackElo "1189"]
[PlyCount "51"]
[EventDate "2014.10.14"]
[EventType "tourn"]
[EventRounds "8"]
[EventCountry "CAN"]

1. e4 c5 2. Nf3 e6 3. Nc3 a6 4. d3 d5 5. e5 d4 6. Ne4 Nc6 7. a3 Qc7 8. Bf4 Qa5+
9. Bd2 Qc7 10. Bf4 Qa5+ 11. Nfd2 Qb6 12. Nc4 Qd8 13. Be2 Be7 14. O-O g5 15. Bg3
Nh6 16. Ncd6+ Kf8 17. f4 Nf5 18. fxg5 b6 19. Bh5 Nxd6 20. Nxd6 f5 21. gxf6 Bxd6
22. exd6 Bd7 23. Qd2 h6 24. Bf4 Ra7 25. Bxh6+ Kg8 26. Qg5+ 1-0

[Event "Tournament of Champions"]
[Site "Winnipeg CAN"]
[Date "2014.11.04"]
[Round "1.6"]
[White "Andraschko, Felix"]
[Black "Wolchock, Theo"]
[Result "1-0"]
[WhiteElo "2161"]
[BlackElo "1963"]
[PlyCount "67"]
[EventDate "2014.11.04"]
[EventType "team"]
[EventRounds "6"]
[EventCountry "CAN"]

1. d4 Nf6 2. Nf3 d5 3. e3 e6 4. Bd3 c5 5. b3 Nc6 6. O-O Be7 7. Bb2 O-O 8. a3 b6
9. Nbd2 Bb7 10. Qe2 Rc8 11. Ne5 Nd7 12. f4 f6 13. Nxd7 Qxd7 14. Nf3 Na5 15. Nd2
Bd6 16. Rad1 Qc7 17. dxc5 bxc5 18. c4 e5 19. cxd5 Bxd5 20. Nc4 Nxc4 21. Bxc4
Bxc4 22. Qxc4+ Kh8 23. Qe6 Rcd8 24. fxe5 Bxe5 25. Bxe5 fxe5 26. h3 Rfe8 27.
Rxd8 Rxd8 28. Rf7 Qb8 29. Qe7 Rd1+ 30. Kf2 Rd2+ 31. Ke1 Rd1+ 32. Kxd1 Qxb3+ 33.
Ke2 Qc4+ 34. Kf2 1-0

[Event "Tournament of Champions"]
[Site "Winnipeg CAN"]
[Date "2014.11.04"]
[Round "1.6"]
[White "Atem, James"]
[Black "Baron, Gustav"]
[Result "0-1"]
[WhiteElo "1914"]
[BlackElo "2123"]
[PlyCount "84"]
[EventDate "2014.11.04"]
[EventType "team"]
[EventRounds "6"]
[EventCountry "CAN"]

1. e4 c6 2. d4 d5 3. e5 Bf5 4. Bd3 Bxd3 5. Qxd3 e6 6. Nf3 Ne7 7. O-O Nd7 8. a3
a5 9. Bg5 Qb6 10. Nc3 a4 11. Rab1 c5 12. Be3 Nc6 13. b3 axb3 14. Rxb3 c4 15.
Rxb6 cxd3 16. Rxb7 dxc2 17. Nb5 Bxa3 18. Ra1 Ke7 19. Rxa3 Na5 20. Rc7 Nc4 21.
Bc1 Rhb8 22. Rxc4 dxc4 23. Ne1 Rxa3 24. Bxa3+ Kd8 25. Nxc2 Rxb5 26. Kf1 Nb6 27.
Ke2 Nd5 28. g3 Nc3+ 29. Kf3 Rb3 30. Bf8 g6 31. Kg2 Ne4 32. Ne3 c3 33. Bh6 Rb2
34. Ng4 c2 35. Kf3 g5 36. Kxe4 c1=Q 37. Ne3 Qc6+ 38. Kd3 Rxf2 39. Bxg5+ Kc8 40.
Nc4 Qf3+ 41. Be3 Qe2+ 42. Kc3 Rf3 0-1

[Event "Tournament of Champions"]
[Site "Winnipeg CAN"]
[Date "2014.11.04"]
[Round "1.6"]
[White "Bince, Rolando"]
[Black "Green, Jim"]
[Result "1-0"]
[WhiteElo "2015"]
[BlackElo "1881"]
[PlyCount "91"]
[EventDate "2014.11.04"]
[EventType "team"]
[EventRounds "6"]
[EventCountry "CAN"]

1. e4 e5 2. Nf3 Nf6 3. Nc3 Nc6 4. Bc4 Be7 5. d4 d6 6. h3 O-O 7. O-O exd4 8.
Nxd4 Ne5 9. Bb3 c6 10. f4 Ned7 11. Qf3 Qc7 12. Be3 Nc5 13. Bc4 a6 14. a4 b6 15.
b4 Ne6 16. Nf5 Nd8 17. Nxe7+ Qxe7 18. Bxb6 Nd7 19. Bxd8 Qxd8 20. Rab1 Nb6 21.
Bd3 Qf6 22. a5 Qxc3 23. axb6 Qd4+ 24. Qf2 Qxf2+ 25. Kxf2 Rb8 26. c4 Rxb6 27. c5
dxc5 28. bxc5 Rb5 29. Bxb5 axb5 30. Rfd1 f5 31. e5 Be6 32. Ke3 Ra8 33. Ra1 Rxa1
34. Rxa1 Kf7 35. Ra6 Bd5 36. g4 g6 37. Ra7+ Kg8 38. gxf5 gxf5 39. Rd7 Bf7 40.
Rc7 Bd5 41. Kd4 b4 42. e6 Kf8 43. Ke5 b3 44. Kf6 Bxe6 45. Kxe6 b2 46. Rb7 1-0

[Event "Tournament of Champions"]
[Site "Winnipeg CAN"]
[Date "2014.11.04"]
[Round "1.6"]
[White "Clark, Jeff"]
[Black "Liebzeit, Mick"]
[Result "1-0"]
[WhiteElo "2044"]
[BlackElo "1902"]
[PlyCount "99"]
[EventDate "2014.11.04"]
[EventType "team"]
[EventRounds "6"]
[EventCountry "CAN"]

1. d4 d5 2. Nf3 Nf6 3. c4 c6 4. e3 e6 5. Nc3 Nbd7 6. cxd5 exd5 7. Bd3 Bd6 8.
O-O O-O 9. b3 Re8 10. Qc2 Nf8 11. Bb2 Bg4 12. Be2 Qd7 13. Rac1 Bf5 14. Bd3 Bxd3
15. Qxd3 Ne4 16. Na4 Qg4 17. Ne5 Qh5 18. Qd1 Qxd1 19. Rfxd1 Re6 20. Nf3 Nd7 21.
g3 Rae8 22. Nd2 Ndf6 23. Nxe4 Nxe4 24. Nc5 Rf6 25. Nxb7 Nxf2 26. Nxd6 Rxe3 27.
Re1 Rxe1+ 28. Rxe1 g5 29. Rf1 Nh3+ 30. Kg2 Rxd6 31. Kxh3 Re6 32. Rf2 h5 33. Ba3
Re4 34. Bc5 a6 35. Rf6 Kg7 36. Rxc6 Re2 37. Rxa6 f6 38. g4 Re3+ 39. Kg2 hxg4
40. b4 f5 41. b5 f4 42. Ra3 Re2+ 43. Kg1 f3 44. Bd6 Rb2 45. Rb3 Rxa2 46. Rb1
Kf6 47. b6 Kf5 48. b7 g3 49. hxg3 Kg4 50. b8=Q 1-0